000 00485 a2200157 4500
999 _c8132
_d8132
020 _a9158682775
050 _aJF 60 VYL 2007
100 _aVylder, Stefan De
_eauthor
245 _aThe least developed countries and world trade/
_cStefan De Vylder
250 _a2nd ed.
264 _aStockholm:
_bSwedish International Development Agency,
_c2007
300 _a251p.:
500 _aIncludes index
650 _aDevelopment
_xLeast Developed Countries
942 _2lcc
_cBK
_e2nd
_h60
_iVYL
_kJF